01093nam a2200253 a 450000500170000000800410001702200130005804000270007104100080009804400080010608200190011410000290013324501720016226000690033430000690040349000740047250400390054665000170058565000140060265000170061694200150063399900170064895201740066520170828150145.0070411s2006 nbuabcd 000 0 eng d a00936812 aCO-BoIAVH cCO-BoIAVH  aeng axxu14a595.7649bU86c1 aOcampo, Federico Carlos.10aPhylogenetic analysis of the scarab family Hybosoridae and monographic revision of the New World subfamily Anaidinae (Coleoptera: Scarabaeoidea) /cFederico C. Ocampo. aLincoln, Nebraska :bUniversity of Nebraska State Museum,c2006. a[iv], 210 p. :bilustraciones, tablas, mapas;c26 centímetros.1 aBulletin of the University of Nebraska State Museum,x0093-6812 ;v19 aIncluye bibliografía: p.197-209. 0aScarabaeidae 0aFilonegia 0aPhylogenetic 2ddccLIBRO c19772d19772 00102ddc31940708ENTOMOIINV2017aVillabVillad2017-08-28eInstitutog39000.00l0oLB-595.7649 U86cp041092r2017-10-23 00:00:00tEj. 1w2017-08-28xDonacionyLIBRO